Escritores salvadoreños y las características etnoculturales de los costarricenses /
Kaydedildi:
| Yazar: | |
|---|---|
| Materyal Türü: | Metin |
| Dil: | Spanish |
| Konular: | |
| Etiketler: |
Etiketle
Etiket eklenmemiş, İlk siz ekleyin!
|
MARC
| LEADER | 00000 a a2200000 04500 | ||
|---|---|---|---|
| 001 | 48604 | ||
| 003 | cru CRAI/IIS | ||
| 005 | 20210615110612.0 | ||
| 008 | 210615b |||||||| |||| 00| 0 spa d | ||
| 040 | |c cru CRAI/IIS | ||
| 100 | 1 | |a Urbina Gaitán, Chester | |
| 245 | 1 | |a Escritores salvadoreños y las características etnoculturales de los costarricenses / |c Chester Urbina Gaitán | |
| 500 | |a Colección Centroamérica | ||
| 651 | 4 | |9 1928 |a EL SALVADOR | |
| 651 | 0 | |9 32 |a COSTA RICA | |
| 773 | 0 | |0 18765 |9 5758 |a Universidad de Costa Rica. |d San José, Costa Rica: Editorial Universidad de Costa Rica, 1974- |o 17406 |t Anuario de Estudios Centroamericanos / |x 03777316 | |
| 942 | |2 ddc |c PP | ||
| 999 | |c 31296 |d 31296 | ||
